Αντικωφωτικά φαινόμενα βορείων ιδιωμάτων

Αποθηκεύτηκε σε:
Λεπτομέρειες βιβλιογραφικής εγγραφής
Κύριος συγγραφέας: Μάνεσης, Σταύρος, 1908-1996
Μορφή: Βιβλίο
Γλώσσα:Greek
Δημοσίευση: Αθήναι : [χ.ο.], 1966-1967.
Θέματα:
Ετικέτες: Προσθήκη ετικέτας
Δεν υπάρχουν, Καταχωρήστε ετικέτα πρώτοι!

MARC

LEADER 00000nam a2200000 a 4500
001 1/125533
008 221020s1966####gr | ||| |||| ||gre||
040 |a GR-MyUa  |b gre  |c GR-MyUa  |e AACR2 
041 0 |a gre 
082 7 |a 489.3   |2 (23)  
100 1 |a Μάνεσης, Σταύρος,   |d 1908-1996. 
245 1 0 |a Αντικωφωτικά φαινόμενα βορείων ιδιωμάτων /   |h [Ανάτυπο]   |c υπό Σαύρου Μάνεση.  
260 |a Αθήναι :   |b [χ.ο.],   |c 1966-1967.  
500 |a Ανάτυπον εκ του "Λεξικογραφικού Δελτίου" - Τομ. ΙΑ΄. 
504 |a Περιλαμβάνει βιβλιογραφικές αναφορές.  
650 0 |a Greek language, Modern  |x Idioms. 
650 0 |a Greek language, Modern  |x Dialects. 
970 |a Σιδερή   |b Νεκταρία   |z 2022/10/20